| Tag |
First Indicator |
Second Indicator |
Subfields |
| LEADER |
00000cgm a2200000Ii 4500 |
| 001 |
in00003437621 |
| 005 |
20191221063503.0 |
| 007 |
vd bvaizm |
| 008 |
140307s2014 xxu083 vlswe d |
| 028 |
4 |
2 |
|a CC2342BDDVD-2/3
|b The Criterion Collection
|
| 035 |
|
|
|a (OCoLC)ocn871717495
|
| 035 |
|
|
|a (OCoLC)871717495
|
| 037 |
|
|
|b Midwest Tape
|n http://www.midwesttapes.com
|
| 040 |
|
|
|a TEFMT
|b eng
|e rda
|c TEFMT
|d TEF
|d TXA
|d UtOrBLW
|
| 041 |
1 |
|
|a swe
|j eng
|h swe
|
| 049 |
|
|
|a TXAM
|
| 050 |
|
4 |
|a PN1997
|b .P47 2014
|
| 082 |
0 |
4 |
|a 791.43/72
|2 23
|
| 090 |
|
|
|a PN1997
|b .P4613 2014
|
| 245 |
0 |
0 |
|a Persona /
|c script/director, Ingmar Bergman.
|
| 264 |
|
1 |
|a [United States] :
|b The Criterion Collection,
|c [2014]
|
| 300 |
|
|
|a 2 videodiscs (83 min.) :
|b DVD video, sound, black and white ;
|c 4 3/4 in. +
|e 1 booklet (55 pages : illustrations ; 17 cm.)
|
| 336 |
|
|
|a two-dimensional moving image
|b tdi
|2 rdacontent
|
| 337 |
|
|
|a video
|b v
|2 rdamedia
|
| 338 |
|
|
|a videodisc
|b vd
|2 rdacarrier
|
| 344 |
|
|
|a digital
|b optical
|g mono
|h Dolby digital
|
| 346 |
|
|
|a DVD
|b NTSC
|2 rda
|
| 347 |
|
|
|a video file
|b DVD video
|e region 1
|2 rda
|
| 490 |
1 |
|
|a Criterion collection ;
|v 701
|
| 538 |
|
|
|a DVD, region 1, NTSC, full screen (1.37:1) presentation; Dolby digital mono.
|
| 546 |
|
|
|a Swedish dialogue; English subtitles.
|
| 500 |
|
|
|a Title from container.
|
| 511 |
1 |
|
|a Liv Ullmann, Bibi Andersson, Gunnar Björnstrand, Margaretha Krook.
|
| 500 |
|
|
|a Originally released as a motion picture in 1966.
|
| 520 |
|
|
|a An actress has inexplicably gone mute; a young nurse cares for her in a remote island cottage. While isolated together there, the women perform a mysterious spiritual and emotional transference that would prove to be one of cinema₂s most influential ideas.
|
| 500 |
|
|
|a Special features: New visual essay on the film's prologue by Ingmar Bergman scholar Peter Cowie; new interviews; excerpted archival interviews with Bergman, Ullmann and Anderssson; on-set footage with audio commentary by Bergman historian Birgitta Steene; Liv & Ingmar, a 2012 feature documentary; trailer.
|
| 650 |
|
0 |
|a Actresses
|v Drama.
|
| 650 |
|
0 |
|a Identity (Psychology)
|v Drama.
|
| 650 |
|
0 |
|a Nurses
|v Drama.
|
| 655 |
|
7 |
|a Feature films.
|2 lcgft
|
| 655 |
|
7 |
|a Fiction films.
|2 lcgft
|
| 655 |
|
7 |
|a Foreign films.
|2 lcgft
|
| 655 |
|
7 |
|a Motion pictures, Swiss.
|2 lcgft
|
| 700 |
1 |
|
|a Bergman, Ingmar,
|d 1918-2007,
|e screenwriter,
|e film director.
|
| 700 |
1 |
|
|a Andersson, Bibi,
|d 1935-2019
|e actor.
|
| 700 |
1 |
|
|a Ullmann, Liv,
|e actor.
|
| 700 |
1 |
|
|a Björnstrand, Gunnar,
|d 1909-1986,
|e actor.
|
| 700 |
1 |
|
|a Krook, Margaretha,
|d 1925-2001,
|e actor.
|
| 710 |
2 |
|
|a Criterion Collection (Firm),
|e production company.
|
| 830 |
|
0 |
|a Criterion collection (DVD videodiscs) ;
|v 701.
|
| 994 |
|
|
|a C0
|b TXA
|
| 948 |
|
|
|a cataloged
|b h
|c 2014/6/9
|d c
|e blrosas
|f 10:03:10 am
|
| 999 |
|
|
|a MARS
|
| 999 |
f |
f |
|s e9d5597a-84e6-348d-a9ea-91b65cd4820f
|i d7594847-f612-35eb-a2a0-c379311d987e
|t 0
|
| 952 |
f |
f |
|p 4_hour
|a Texas A&M University
|b College Station
|c Sterling C. Evans Library
|d Evans: Media and Reserves (Evans 1st floor)
|t 0
|e PN1997 .P4613 2014
|h Library of Congress classification
|i video -- videodisc
|m A14842395932
|
| 952 |
f |
f |
|p dvd
|a Texas A&M University
|b College Station
|c Sterling C. Evans Library
|d Evans: Media and Reserves (Annex 1st floor)
|t 0
|e PN1997 .P4613 2014
|h Library of Congress classification
|i video -- videodisc
|k booklet
|m A14842395924
|
| 998 |
f |
f |
|a PN1997 .P4613 2014
|t 0
|l Evans: Media and Reserves (Annex 1st floor)
|